Statistics for South American Cities Map Quiz

Click here to take the quiz!

General Stats

  • This quiz has been taken 292 times
  • The average score is 23 of 34

Answer Stats

#City% Correct
2Rio de Janeiro
95%
1São Paulo
91%
21Lima
90%
17Bogotá
89%
13Caracas
89%
30Buenos Aires
88%
19Quito
88%
4Brasilia
87%
28Santiago
87%
31Montevideo
86%
25Asunción
82%
27La Paz
81%
12Georgetown
79%
11Paramaribo
74%
16Medellín
72%
26Sucre
72%
9Manaus
71%
18Cali
67%
3Belo Horizonte
65%
20Guayaquil
65%
6Recife
65%
5Salvador
65%
10Cayenne
59%
29Córdoba
59%
7Fortaleza
56%
32Porto Alegre
56%
8Belém
54%
14Maracaibo
50%
22Cusco
49%
15Cartagena
47%
33Curitiba
44%
34Stanley
35%
24Cuiaba
19%
23Porto Velho
19%

Score Distribution

Percentile by Number Answered

Percent of People with Each Score

Your Score History

You have not taken this quiz